El hombre en busca de sentido

Guardat en:
Dades bibliogràfiques
Autor principal: Frankl, Viktor E (Autor)
Format: Llibre
Idioma:espanyol
Publicat: Barcelona Herder 2004
Edició:2a. ed
Matèries:
Accés en línia:Disponible Online
Etiquetes: Afegir etiqueta
Sense etiquetes, Sigues el primer a etiquetar aquest registre!

MARC

LEADER 00000cam a2200000 a 4500
001 UCI1418
003 CL-VaPUC
005 20240318110936.0
008 070629e20040000SP |||||||||||||||||spa|d
999 |c 326241  |d 326239 
020 |a 8425423317 
040 |c Pontificia Universidad Católica de Valparaíso 
082 0 4 |a 616.891 FRA 2004  |2 21 
100 0 |a Frankl, Viktor E  |e author  |9 521924 
245 1 3 |a El hombre en busca de sentido 
250 |a 2a. ed 
260 |a Barcelona  |b Herder  |c 2004 
300 |a 157 p 
583 |a last modification  |c 20171129 10:48:15  |k Rodrigo Vera 
650 7 |a Psicoterapia  |2 CL-VaPUC  |9 521925  |x Campos de concentración 
650 7 |a Logoterapia  |2 CL-VaPUC  |9 334949 
650 0 |a Psicología individual  |9 308393 
852 |a BIBCUR 
856 |u http://bibliografiadigital.pucv.cl.pucv.idm.oclc.org/index.php/bibliotecapucv/catalog/book/125  |y Disponible Online  
942 |c BK  |2 ddc 
945 |d 20070629 00:00:00  |a jtorresc 
952 |0 0  |1 0  |4 0  |6 616_891000000000000_FRA_2004  |7 0  |8 R  |9 408026  |a BIBEDU  |b BIBEDU  |c MCIRC  |d 2019-11-22  |i 435169K  |l 17  |o 616.891 FRA 2004  |p 435169K  |r 2024-04-18  |s 2024-04-17  |w 2019-11-22  |y BK_R  |k EPE 
952 |0 0  |1 0  |4 0  |6 616_891000000000000_FRA_2004  |7 0  |8 R  |9 408027  |a BIBEDU  |b BIBEDU  |c MCIRC  |d 2019-11-22  |i 4351703  |l 8  |m 1  |o 616.891 FRA 2004  |p 4351703  |r 2024-04-18  |s 2024-04-15  |w 2019-11-22  |y BK_R  |k EPE 
952 |0 0  |1 0  |4 0  |6 616_891000000000000_FRA_2004  |7 0  |8 A  |9 408028  |a BIBTEO  |b BIBTEO  |d 2019-11-22  |i 484386K  |l 18  |m 7  |o 616.891 FRA 2004  |p 484386K  |r 2025-04-23  |s 2025-03-31  |w 2019-11-22  |y BK  |k ICR